1717 1232 1512 1313 1337 1164 1343 1804 1025 1102 1339 1629 1246 1313 1829 1727 1586 1421 1834 1782 1763 1088 1651 1277 1384 1572 1503 1108 1845 1590 1068 1218 1277 1753 1373 1282 1481 1242 1262 1809 1899 1368 1581 1151 1898 1097 1058 1621 1956 1445 1909 1465 1098 1521 1225 1005 1711 1526 1850 1716 1418 1714 1130 1811 1709 1414 1984 1005 1586 1441 1856 1936 1820 1858 1137 1416 1387 1030 1465 1603 1097 1790 1897 1162 1321 1293 1050 1743 1690 1540 1173 1382 1086 1078 1254 1725 1700 1432 1310 BCNSPRNW ULIB Ver.6.0+V

เปลี่ยนเป็นภาษาไทย

Change to English
 แสดงรายละเอียดบรรณานุกรม
  กลับหน้าหลัก

Brief Record : Get Marc (ISO 2709) : E-mail record : QR code < ปิดหน้าต่าง
LEADER : 00000nam 2200000uu 4500
001    13399126710
003     ULIB
008    190215s2561||||th 000 0 tha d
020    ^a9786164431362^c350
060 04 ^aWP390^bย629
245 00 ^aเยื่อบุมดลูกต่างที่ =^bEndometriosis /^cบรรณาธิการ, ประสงค์ ตันมหาสมุทร
246 31 ^aEndometriosis
250    ^aพิมพ์ครั้งที่ 1
260    ^aกรุงเทพฯ :^bหน่วยต่อมไร้ท่อทางนรีเวช สาขาวิชาเวชศาสตร์การเจริญพันธุ์ ภาควิชาสูติศาสตร์-นรีเวชวิทยา คณะแพทยศาสตร์ศิริราชพยาบาล มหาวิทยาลัยมหิดล,^c2561
300    ^axi, 252 หน้า :^bภาพประกอบ (สีบางภาพ) ;^c26 ซม.
504    ^aเอกสารอ้างอิงท้ายบท
504    ^aดัชนีท้ายเล่ม
650  4 ^aเยื่อบุมดลูก
650    ^aเยื่อบุมดลูก^xโรค
650    ^aมดลูก^xโรค
700 0  ^aประสงค์ ตันมหาสมุทร^eบรรณาธิการ
710 2  ^aมหาวิทยาลัยมหิดล^bคณะแพทยศาสตร์ศิริราชพยาบาล^bภาควิชาสูติศาสตร์-นรีเวชวิทยา
945    ^p350^l0^i005315
945    ^p350^l0^i005314
945    ^p350^l0^i005313
945    ^p350^l0^i005312
945    ^p350^l0^i005311
945    ^p350^l0^i005316
999    ^aประนอม เกษจรัล
รายการนี้ยังไม่มีแท็ก
คุณยังไม่ได้ล็อกอิน คุณสามารถมีกิจกรรมร่วมกับเว็บไซต์ได้ แต่ต้องล็อกอินก่อน ::
  ล็อกอิน

รายการสื่อสารสนเทศ

ลำดับที่ ประเภท เลขเรียก/บาร์โค้ด สถานที่ สถานะ
1. วิทยาศาสตร์การแพทย์ และสุขภาพ
หนังสือสำรอง
สถานะ=หนังสือสำรอง
WP390 ย629 ฉ.1 
  Barcode: 005311
ห้องสมุดวิทยาเขตสวรรค์ประชารักษ์
►หนังสือทั่วไป
บนชั้น
2. วิทยาศาสตร์การแพทย์ และสุขภาพ
วิทยาศาสตร์การแพทย์ และสุขภาพ
WP390 ย629 ฉ.2 
  Barcode: 005312
ห้องสมุดวิทยาเขตสวรรค์ประชารักษ์
►หนังสือทั่วไป
บนชั้น
3. วิทยาศาสตร์การแพทย์ และสุขภาพ
วิทยาศาสตร์การแพทย์ และสุขภาพ
WP390 ย629 ฉ.3 
  Barcode: 005313
ห้องสมุดวิทยาเขตสวรรค์ประชารักษ์
►หนังสือทั่วไป
บนชั้น
4. วิทยาศาสตร์การแพทย์ และสุขภาพ
วิทยาศาสตร์การแพทย์ และสุขภาพ
WP390 ย629 ฉ.4 
  Barcode: 005314
ห้องสมุดวิทยาเขตสวรรค์ประชารักษ์
►หนังสือทั่วไป
บนชั้น
5. วิทยาศาสตร์การแพทย์ และสุขภาพ
วิทยาศาสตร์การแพทย์ และสุขภาพ
WP390 ย629 ฉ.5 
  Barcode: 005315
ห้องสมุดวิทยาเขตสวรรค์ประชารักษ์
►หนังสือทั่วไป
บนชั้น
6. วิทยาศาสตร์การแพทย์ และสุขภาพ
วิทยาศาสตร์การแพทย์ และสุขภาพ
WP390 ย629 ฉ.6 
  Barcode: 005316
ห้องสมุดวิทยาเขตสวรรค์ประชารักษ์
►หนังสือทั่วไป
บนชั้น

รายการใกล้เคียง
    หัวเรื่อง [เยื่อบุมดลูก]

BibComment


ยังไม่เคยถูกคอมเมนท์

คอมเมนท์ทรัพยากรรายการนี้
  คอมเมนท์: เยื่อบุมดลูกต่าง..


 Copyright 2026. Bcnsprnw @Library